000 00374nam a2200157Ia 4500
008 230917s9999||||xx |||||||||||||| ||und||
040 _e86329
_aMAIN
041 _aEnglish
082 _a519.2 C361F
100 _aChandra, T K
245 0 _aFirst course in probability
250 _a2nd ed.
260 _aNew Delhi
_bNarosa
_c2003
300 _axiv, 485 p.
942 _cBK
999 _c114492
_d114492